Statistics for 2017 NFL Pro Bowlers

Click here to take the quiz!

General Stats

  • This quiz has been taken 235 times
  • The average score is 34 of 88

Answer Stats

PositionAFC% Correct
QBTom Brady
89%
WRAntonio Brown
87%
WRJulio Jones
86%
OTTyron Smith
78%
FSHarrison Smith
77%
QBAaron Rodgers
75%
OTJoe Thomas
72%
TETravis Kelce
69%
QBBen Roethlisberger
65%
WROdell Beckham Jr
63%
RBDavid Johnson
61%
QBMatt Ryan
60%
RBLe'Veon Bell
59%
RBEzekiel Elliott
58%
QBDak Prescott
57%
KRTyreek Hill
56%
OTJason Peters
55%
CBMarcus Peters
55%
CAlex Mack
54%
DEKhalil Mack
54%
OLBVon Miller
54%
WRA.J. Green
52%
OGZack Martin
51%
QBDerrick Carr
50%
CBRichard Sherman
50%
DTAaron Donald
48%
DTGerald McCoy
46%
RBLeSean McCoy
46%
ILBLuke Kuechly
45%
CBPatrick Peterson
45%
WRAmari Cooper
44%
WRMike Evans
43%
WRT.Y. Hilton
43%
KJustin Tucker
41%
WRLarry Fitzgerald
40%
CBChris Harris
39%
SpecialistDwayne Harris
39%
KMatt Bryant
39%
FSReggie Nelson
39%
ILBBobby Wagner
38%
OTTrent Williams
38%
CBAqib Talib
37%
RBDevonta Freeman
37%
SSEric Berry
37%
DEJadeveon Clowney
36%
OGMarshal Yanda
35%
DTFletcher Cox
34%
LSMorgan Cox
34%
DTNdamukong Suh
34%
OLBThomas Davis
34%
CTravis Frederick
33%
RBDeMarco Murray
32%
SSLandon Collins
32%
CMaurkice Pouncey
32%
DTGeno Atkins
31%
TEGreg Olsen
31%
OGDavid DeCastro
27%
CBXavier Rhodes
27%
TEDelanie Walker
26%
CBJanoris Jenkins
26%
PJohnny Hekker
26%
TEJordan Reed
26%
ILBDont'a Hightower
25%
DEMichael Bennett
25%
OLBVic Beasley
25%
KRCordarelle Patterson
24%
OLBLorenzo Alexander
22%
DECameron Wake
21%
CRodney Hudson
21%
CBCasey Heyward
19%
ILBC.J. Mosley
19%
FSDevin McCourty
19%
DEEverson Griffen
19%
FSHa Ha Clinton-Dix
18%
FBKyle Juszczyk
18%
DTJurrell Casey
17%
OTTaylor Lewan
17%
OGT.J. Lang
17%
OGKelechi Osemele
16%
DECliff Avril
15%
PPat McAfee
15%
OLBRyan Kerrigan
15%
OTDonald Penn
14%
FBMike Tolbert
14%
OLBBrian Orakpo
10%
OGBrandon Scherff
9%
LSJake McQuaide
6%
SpecialistMatthew Slater
3%

Score Distribution

Percentile by Number Answered

Percent of People with Each Score

Your Score History

You have not taken this quiz